[Event "FIDE World Senior Team Championship 202"]
[Site "Olympik hotel, Sokolovska 138"]
[Date "2020.03.09"]
[Round "4.2"]
[White "Thomas, Gary"]
[Black "Buksa, Jaromir"]
[Result "0-1"]
[WhiteElo "1828"]
[BlackElo "2084"]
[PlyCount "56"]
[EventDate "2020.03.06"]
[EventRounds "7"]
[EventCountry "CZE"]
[WhiteTeam "WALES ORDOVICES"]
[BlackTeam "BURZA"]

1. e4 d6 2. d4 Nf6 3. Nc3 g6 4. Nf3 Bg7 5. Be2 O-O 6. Be3 c6 7. Qd2 Qa5 8. O-O
Nbd7 9. a3 Qc7 10. Rad1 Nb6 11. Bh6 Bd7 12. Bxg7 Kxg7 13. d5 Rac8 14. Rfe1 Rfe8
15. h3 a6 16. Bf1 cxd5 17. exd5 Nc4 18. Bxc4 Qxc4 19. Qd4 b5 20. g4 h6 21. Re3
a5 22. Qb6 Qc7 23. Qxc7 Rxc7 24. Nd4 b4 25. axb4 axb4 26. Ncb5 Bxb5 27. Nxb5
Rxc2 28. Rb3 Rc5 0-1

[Event "FIDE World Senior Team Championship 202"]
[Site "Olympik hotel, Sokolovska 138"]
[Date "2020.03.09"]
[Round "4.3"]
[White "Horyna, Josef"]
[Black "Quinn, Peter"]
[Result "1-0"]
[WhiteElo "1756"]
[BlackElo "1600"]
[PlyCount "121"]
[EventDate "2020.03.06"]
[EventRounds "7"]
[EventCountry "CZE"]
[WhiteTeam "BURZA"]
[BlackTeam "WALES ORDOVICES"]

1. d4 Nf6 2. Nf3 g6 3. g3 Bg7 4. Bg2 O-O 5. O-O c6 6. Re1 d5 7. h3 Nbd7 8. a4
Ne4 9. a5 Qc7 10. Bf4 e5 11. dxe5 Nxe5 12. Nbd2 Qe7 13. Nxe4 dxe4 14. Nxe5 Bxe5
15. Bxe5 Qxe5 16. c3 Be6 17. Qa4 Rad8 18. Qxe4 Qxe4 19. Bxe4 Bxh3 20. a6 Rfe8
21. Bf3 b6 22. Bxc6 Re7 23. e4 Bg4 24. Bd5 Kg7 25. c4 Bc8 26. b4 f6 27. b5 Rd6
28. Rac1 Rd8 29. Kg2 g5 30. f3 h5 31. Kf2 Rh8 32. c5 bxc5 33. Rxc5 Rd8 34. Rec1
Bh3 35. Rc7 Rdd7 36. Rxd7 Rxd7 37. Ke3 f5 38. Rc6 Bf1 39. Bc4 Bxc4 40. Rxc4
fxe4 41. fxe4 Kf6 42. Rc8 Rh7 43. Rc6+ Ke5 44. Rg6 g4 45. Rg5+ Ke6 46. Rg8 Ke5
47. Rb8 h4 48. gxh4 Rxh4 49. Re8+ Kd6 50. Kf4 Rh5 51. e5+ Kc5 52. Kxg4 Rh7 53.
Rb8 Kd5 54. Rb7 Rh1 55. Rxa7 Kxe5 56. Rc7 Kd6 57. Rc6+ Kd7 58. a7 Rg1+ 59. Kf5
Rf1+ 60. Ke4 Rf8 61. Rc2 1-0

[Event "FIDE World Senior Team Championship 202"]
[Site "Olympik hotel, Sokolovska 138"]
[Date "2020.03.09"]
[Round "4.4"]
[White "Cooke, Mark"]
[Black "Zabehlicky, Jiri"]
[Result "1/2-1/2"]
[WhiteElo "1424"]
[BlackElo "1462"]
[PlyCount "31"]
[EventDate "2020.03.06"]
[EventRounds "7"]
[EventCountry "CZE"]
[WhiteTeam "WALES ORDOVICES"]
[BlackTeam "BURZA"]

1. e4 Nf6 2. e5 Nd5 3. c4 Nb6 4. d4 d6 5. exd6 exd6 6. b3 Be7 7. h3 Bf6 8. Nf3
Nc6 9. Be3 Qe7 10. Be2 Bf5 11. a3 h6 12. Ra2 d5 13. c5 Nd7 14. Nc3 Ncb8 15. O-O
O-O 16. b4 {unreadable} 1/2-1/2

[Event "FIDE World Senior Team Championship 202"]
[Site "Olympik hotel, Sokolovska 138"]
[Date "2020.03.10"]
[Round "5.1"]
[White "Summers, Charles"]
[Black "Horak, Vladimir"]
[Result "1/2-1/2"]
[WhiteElo "1863"]
[BlackElo "1982"]
[PlyCount "35"]
[EventDate "2020.03.06"]
[EventRounds "7"]
[EventCountry "CZE"]
[WhiteTeam "WALES ORDOVICES"]
[BlackTeam "STREDOCESI"]

1. e4 e6 2. d4 d5 3. Be3 dxe4 4. Nd2 Nf6 5. f3 Nd5 6. Qe2 Nc6 7. c3 Be7 8. fxe4
Nxe3 9. Qxe3 Bg5 10. Qd3 Bxd2+ 11. Kxd2 Qg5+ 12. Kc2 Bd7 13. Nf3 Qg6 14. Re1
O-O-O 15. Kb1 Rhe8 16. Qc2 f6 17. Bd3 e5 18. d5 1/2-1/2

[Event "FIDE World Senior Team Championship 202"]
[Site "Olympik hotel, Sokolovska 138"]
[Date "2020.03.10"]
[Round "5.2"]
[White "Grecny, Karol"]
[Black "Thomas, Gary"]
[Result "0-1"]
[WhiteElo "1839"]
[BlackElo "1828"]
[PlyCount "88"]
[EventDate "2020.03.06"]
[EventRounds "7"]
[EventCountry "CZE"]
[WhiteTeam "STREDOCESI"]
[BlackTeam "WALES ORDOVICES"]

1. e4 d5 2. exd5 Nf6 3. Nf3 Nxd5 4. d4 g6 5. c4 Nb6 6. Be3 Bg7 7. Nc3 O-O 8.
Be2 Nc6 9. O-O Bg4 10. Rc1 Bxf3 11. Bxf3 Nxc4 12. Bxc6 Nxe3 13. fxe3 bxc6 14.
Qf3 e5 15. dxe5 Bxe5 16. Qxc6 Rb8 17. Rcd1 Qh4 18. g3 Bxg3 19. hxg3 Qxg3+ 20.
Qg2 Qxe3+ 21. Qf2 Qg5+ 22. Qg2 Qxg2+ 23. Kxg2 Rxb2+ 24. Rf2 Rfb8 25. Rd7 Rxf2+
26. Kxf2 Rb6 27. Rxc7 Ra6 28. a4 h5 29. Rc4 Kg7 30. Nb5 g5 31. Kg3 Kg6 32. Rd4
f6 33. Rc4 h4+ 34. Kf2 Kh5 35. Nd4 f5 36. Nc6 Rb6 37. Nxa7 Rb2+ 38. Kg1 h3 39.
Nc6 g4 40. Rc1 Ra2 41. a5 Kh4 42. Rf1 h2+ 43. Kh1 Kh3 44. Nd4 g3 0-1

[Event "FIDE World Senior Team Championship 202"]
[Site "Olympik hotel, Sokolovska 138"]
[Date "2020.03.10"]
[Round "5.3"]
[White "Quinn, Peter"]
[Black "Maly, Dusan"]
[Result "1/2-1/2"]
[WhiteElo "1600"]
[BlackElo "1742"]
[PlyCount "50"]
[EventDate "2020.03.06"]
[EventRounds "7"]
[EventCountry "CZE"]
[WhiteTeam "WALES ORDOVICES"]
[BlackTeam "STREDOCESI"]

1. e4 e6 2. d3 d5 3. Nd2 Bb4 4. c3 Ba5 5. Ngf3 Nc6 6. Qe2 Nf6 7. g3 O-O 8. Bg2
Re8 9. O-O e5 10. exd5 Nxd5 11. Nc4 Bb6 12. a4 a6 13. Qc2 Ba7 14. Re1 Bf5 15.
Nh4 Bg6 16. Nxg6 hxg6 17. Kh1 Qd7 18. Ne3 Nce7 19. Nc4 Nf5 20. Be3 Ndxe3 21.
Nxe3 Rad8 22. Rad1 Qd6 23. Re2 Rd7 24. Nc4 Qf6 25. f4 Rde7 {unreadable(45)}
1/2-1/2

[Event "FIDE World Senior Team Championship 202"]
[Site "Olympik hotel, Sokolovska 138"]
[Date "2020.03.10"]
[Round "5.4"]
[White "Laloucek, Miroslav"]
[Black "Cooke, Mark"]
[Result "1-0"]
[WhiteElo "1733"]
[BlackElo "1424"]
[PlyCount "73"]
[EventDate "2020.03.06"]
[EventRounds "7"]
[EventCountry "CZE"]
[WhiteTeam "STREDOCESI"]
[BlackTeam "WALES ORDOVICES"]

1. d4 Nf6 2. Nf3 c6 3. g3 g6 4. Bg2 d6 5. O-O Bg7 6. c4 O-O 7. Nc3 a6 8. Qc2
Qc7 9. e4 Nbd7 10. b3 Rb8 11. Bb2 Ne8 12. Rfe1 e5 13. d5 c5 14. Bh3 Bh8 15. Re2
Ndf6 16. Bg2 Nh5 17. Rf1 Bd7 18. a4 Qc8 19. Nd2 Neg7 20. Bc1 f5 21. f4 exf4 22.
gxf4 Ne8 23. e5 Qc7 24. e6 Bd4+ 25. Kh1 Bc8 26. Nf3 Bf6 27. Bd2 b6 28. Rg1 Qg7
29. Nd1 h6 30. Bh3 Be7 31. Reg2 Kh7 32. Nc3 Nhf6 33. Ne2 Nc7 34. Bc3 Bb7 35.
Qd2 Nxe6 36. Bxf5 Nxf4 37. Nxf4 {unreadable} 1-0

[Event "FIDE World Senior Team Championship 202"]
[Site "Olympik hotel, Sokolovska 138"]
[Date "2020.03.12"]
[Round "7.1"]
[White "Svanda, Pavel"]
[Black "Davis, Lee"]
[Result "0-1"]
[WhiteElo "2074"]
[BlackElo "1955"]
[PlyCount "56"]
[EventDate "2020.03.06"]
[EventRounds "7"]
[EventCountry "CZE"]
[WhiteTeam "VYSOCINA"]
[BlackTeam "WALES ORDOVICES"]

1. e4 c6 2. Nf3 g6 3. Nc3 Bg7 4. g3 d6 5. Bg2 Nf6 6. d4 O-O 7. O-O Bg4 8. Be3
Qc7 9. Qd2 Nbd7 10. Bh6 Bxf3 11. Bxf3 e5 12. Bxg7 Kxg7 13. Bg2 a6 14. Kh1 Rad8
15. a4 Qb6 16. Ne2 a5 17. f4 exd4 18. Nxd4 Nc5 19. e5 dxe5 20. fxe5 Nfe4 21.
Qe3 Qxb2 22. Rad1 Qc3 23. Qg1 Nd2 24. Rf4 Ne6 25. Nxe6+ fxe6 26. Rxf8 Rxf8 27.
Qe1 Rd8 28. Qf2 Ne4 0-1

[Event "FIDE World Senior Team Championship 202"]
[Site "Olympik hotel, Sokolovska 138"]
[Date "2020.03.12"]
[Round "7.2"]
[White "Summers, Charles"]
[Black "Miculka, Petr"]
[Result "0-1"]
[WhiteElo "1863"]
[BlackElo "2040"]
[PlyCount "64"]
[EventDate "2020.03.06"]
[EventRounds "7"]
[EventCountry "CZE"]
[WhiteTeam "WALES ORDOVICES"]
[BlackTeam "VYSOCINA"]

1. d4 Nf6 2. Nc3 d5 3. e4 Nxe4 4. Nxe4 dxe4 5. Bc4 e6 6. Be3 a6 7. Qh5 Nc6 8.
O-O-O g6 9. Qe2 Bg7 10. Kb1 O-O 11. c3 Na5 12. f3 Nxc4 13. Qxc4 exf3 14. Nxf3
Qd6 15. g4 b5 16. Qe2 Bb7 17. Rhg1 Bd5 18. h4 f6 19. Nd2 e5 20. g5 f5 21. dxe5
Qxe5 22. Qf2 Qe6 23. a3 Rfd8 24. Rde1 Qc6 25. Bc5 Bf7 26. Be7 Rd3 27. Bf6 Qd5
28. Kc2 Bxf6 29. gxf6 Rd8 30. Re2 Qa2 31. h5 Rxd2+ 32. Rxd2 Bb3+ 0-1

[Event "FIDE World Senior Team Championship 202"]
[Site "Olympik hotel, Sokolovska 138"]
[Date "2020.03.12"]
[Round "7.3"]
[White "Tesar, Jan"]
[Black "Thomas, Gary"]
[Result "1-0"]
[WhiteElo "2008"]
[BlackElo "1828"]
[PlyCount "61"]
[EventDate "2020.03.06"]
[EventRounds "7"]
[EventCountry "CZE"]
[WhiteTeam "VYSOCINA"]
[BlackTeam "WALES ORDOVICES"]

1. d4 c5 2. d5 Nf6 3. g3 e5 4. Bg2 d6 5. Nf3 Be7 6. O-O O-O 7. h3 Ne8 8. e4 g6
9. Bh6 Ng7 10. Qd2 Na6 11. Nc3 Nc7 12. a4 a6 13. Nh2 f5 14. f4 Bf6 15. Nf3 exf4
16. Bxf4 Nh5 17. e5 Nxf4 18. gxf4 Be7 19. e6 b5 20. axb5 axb5 21. Rxa8 Nxa8 22.
Nxb5 Ba6 23. c4 Bxb5 24. cxb5 Qb6 25. Ng5 Bxg5 26. fxg5 Nc7 27. Ra1 f4 28. Rf1
Qxb5 29. Rxf4 Qe8 30. Rf6 Qa8 31. Qf4 1-0

[Event "FIDE World Senior Team Championship 202"]
[Site "Olympik hotel, Sokolovska 138"]
[Date "2020.03.12"]
[Round "7.4"]
[White "Quinn, Peter"]
[Black "Bradac, Roman"]
[Result "0-1"]
[WhiteElo "1600"]
[BlackElo "1974"]
[PlyCount "80"]
[EventDate "2020.03.06"]
[EventRounds "7"]
[EventCountry "CZE"]
[WhiteTeam "WALES ORDOVICES"]
[BlackTeam "VYSOCINA"]

1. e4 c5 2. Nf3 g6 3. d4 cxd4 4. Nxd4 Nc6 5. Be3 Nf6 6. Nc3 Bg7 7. f3 O-O 8.
Bc4 Na5 9. Be2 d5 10. e5 Ne8 11. f4 a6 12. O-O b5 13. Nxd5 Bb7 14. Nb4 Nc7 15.
c3 Qc8 16. Rc1 Nc4 17. Bxc4 bxc4 18. Nbc6 Nd5 19. Qa4 Qd7 20. Rfe1 Rfc8 21.
Qxc4 Bxc6 22. Nxc6 Qxc6 23. Qf1 e6 24. Bd4 Bh6 25. g3 Qc4 26. Qh3 Bf8 27. b3
Qd3 28. Red1 Qf3 29. Qf1 Qxf1+ 30. Kxf1 Ba3 31. Rc2 Bc5 32. Ke1 Bxd4 33. Rxd4
Rxc3 34. Kd2 Rxc2+ 35. Kxc2 Rc8+ 36. Kd2 Kf8 37. Rc4 Rxc4 38. bxc4 Nb4 39. a3
Nc6 40. Kc3 Ke7 0-1

[Event "FIDE World Senior Team Championship 202"]
[Site "Olympik hotel, Sokolovska 138"]
[Date "2020.03.06"]
[Round "1.1"]
[White "Shabalov, Alexander"]
[Black "Zeidler, Sven P"]
[Result "1-0"]
[WhiteElo "2524"]
[BlackElo "2170"]
[PlyCount "71"]
[EventDate "2020.03.06"]
[EventRounds "7"]
[EventCountry "CZE"]
[WhiteTeam "USA"]
[BlackTeam "WALES SILURES"]

1. Nf3 f5 2. g3 Nf6 3. c4 g6 4. b4 c6 5. Bb2 Bg7 6. Bg2 O-O 7. O-O Na6 8. Qb3
d5 9. d3 h6 10. Nc3 Be6 11. b5 Nc7 12. Nd4 dxc4 13. Nxe6 cxb3 14. Nxd8 Rfxd8
15. bxc6 bxc6 16. axb3 Nfd5 17. Nxd5 cxd5 18. Bxg7 Kxg7 19. Rfc1 Rd7 20. Rc6
Ne8 21. e4 Rb8 22. Bh3 dxe4 23. dxe4 Rd6 24. Rc5 Rxb3 25. exf5 gxf5 26. Rxa7
Re6 27. Bxf5 Re2 28. Rc2 Re1+ 29. Kg2 h5 30. Ra4 Nd6 31. Bd7 Rbb1 32. Bc6 Kf6
33. Rf4+ Kg5 34. Bf3 Ne8 35. Rc5+ e5 36. Be4 1-0

[Event "FIDE World Senior Team Championship 202"]
[Site "Olympik hotel, Sokolovska 138"]
[Date "2020.03.06"]
[Round "1.2"]
[White "Morris, Charles F"]
[Black "Kaidanov, Gregory"]
[Result "0-1"]
[WhiteElo "2073"]
[BlackElo "2546"]
[PlyCount "88"]
[EventDate "2020.03.06"]
[EventRounds "7"]
[EventCountry "CZE"]
[WhiteTeam "WALES SILURES"]
[BlackTeam "USA"]

1. c4 e6 2. g3 d5 3. Bg2 Nf6 4. Nf3 dxc4 5. Na3 Bxa3 6. bxa3 O-O 7. Bb2 Nc6 8.
Rc1 Re8 9. Rxc4 e5 10. Rxc6 bxc6 11. Nxe5 Nd5 12. Nxc6 Qd6 13. Qa4 Bb7 14. Qd4
Nf6 15. Qxd6 cxd6 16. Bxf6 gxf6 17. d4 Bxc6 18. Bxc6 Rab8 19. Bxe8 Rb1+ 20. Kd2
Rxh1 21. h4 Ra1 22. a4 Rxa2+ 23. Kd3 Kf8 24. Bb5 Ke7 25. Ke4 Rc2 26. Kd5 h6 27.
Bd3 Rc1 28. g4 Ra1 29. Bb5 Rh1 30. h5 f5 31. gxf5 Rxh5 32. Bd3 f6 33. Kc6 Rh2
34. Kb7 Kd7 35. Bb5+ Kd8 36. f3 h5 37. Kc6 h4 38. Kxd6 h3 39. e4 Rd2 40. e5
Rxd4+ 41. Ke6 h2 42. Kxf6 h1=Q 43. e6 Qh8+ 44. Kf7 Qh7+ 0-1

[Event "FIDE World Senior Team Championship 202"]
[Site "Olympik hotel, Sokolovska 138"]
[Date "2020.03.06"]
[Round "1.3"]
[White "Benjamin, Joel"]
[Black "Fletcher, John"]
[Result "1-0"]
[WhiteElo "2508"]
[BlackElo "1969"]
[PlyCount "29"]
[EventDate "2020.03.06"]
[EventRounds "7"]
[EventCountry "CZE"]
[WhiteTeam "USA"]
[BlackTeam "WALES SILURES"]

1. e4 c5 2. Nf3 Nc6 3. c3 Nf6 4. e5 Nd5 5. Bc4 Nb6 6. Bb3 d5 7. exd6 Qxd6 8.
O-O Bf5 9. d4 e6 10. Na3 a6 11. Be3 cxd4 12. Nxd4 Be4 13. Nxe6 Nd5 14. Bxd5
Bxd5 15. Nxf8 1-0

[Event "FIDE World Senior Team Championship 202"]
[Site "Olympik hotel, Sokolovska 138"]
[Date "2020.03.06"]
[Round "1.4"]
[White "Adams, Mark"]
[Black "Novikov, Igor"]
[Result "0-1"]
[WhiteElo "1949"]
[BlackElo "2551"]
[PlyCount "92"]
[EventDate "2020.03.06"]
[EventRounds "7"]
[EventCountry "CZE"]
[WhiteTeam "WALES SILURES"]
[BlackTeam "USA"]

1. e4 c5 2. Nf3 d6 3. d4 cxd4 4. Nxd4 Nf6 5. f3 e5 6. Nb3 Be6 7. c4 a5 8. Be3
a4 9. N3d2 Qa5 10. Be2 Be7 11. O-O O-O 12. a3 Nbd7 13. Nc3 Nc5 14. Kh1 Nfd7 15.
Rc1 Rfc8 16. Na2 Qd8 17. Nb4 Bg5 18. Bxg5 Qxg5 19. Rc3 Nb8 20. Nd5 Qd8 21. Nb4
Nc6 22. Nd3 Nd4 23. Nxc5 dxc5 24. Rf2 Rc7 25. Bf1 Rd7 26. Qc1 Ra6 27. f4 exf4
28. Nf3 Nxf3 29. gxf3 Qh4 30. Rd2 Rad6 31. Rxd6 Rxd6 32. Rd3 Rxd3 33. Bxd3 h6
34. Qd2 Qd8 35. Qe2 Qd4 36. Kg2 g5 37. h3 Kg7 38. Kh2 Qe3 39. Qxe3 fxe3 40. Kg3
Kf6 41. f4 gxf4+ 42. Kxf4 Bxh3 43. Kxe3 Ke5 44. Bc2 Bd7 45. Bd1 b6 46. Be2 Bc6
0-1

[Event "FIDE World Senior Team Championship 202"]
[Site "Olympik hotel, Sokolovska 138"]
[Date "2020.03.07"]
[Round "2.1"]
[White "Zeidler, Sven P"]
[Black "Palkova, Hana"]
[Result "1-0"]
[WhiteElo "2170"]
[BlackElo "1859"]
[PlyCount "59"]
[EventDate "2020.03.06"]
[EventRounds "7"]
[EventCountry "CZE"]
[WhiteTeam "WALES SILURES"]
[BlackTeam "CZECH REPUBLIC WOMEN 2"]

1. e4 c5 2. f4 e6 3. Nf3 Nc6 4. Nc3 d5 5. Bb5 Nge7 6. exd5 exd5 7. Qe2 Be6 8.
Ne5 Qd6 9. Bxc6+ bxc6 10. Qa6 f6 11. Nb5 Qb8 12. Nxc6 Qxf4 13. d3 Bc8 14. Bxf4
Bxa6 15. Nc7+ Kd7 16. Nxe7 Bxe7 17. Nxa6 Rac8 18. d4 cxd4 19. O-O-O Rc4 20. b3
Ba3+ 21. Kb1 Rc3 22. Rxd4 Rhc8 23. Rxd5+ Ke6 24. Ra5 Bf8 25. Rc1 g5 26. Bd2
R3c6 27. Nb4 R6c7 28. Nd5 Rd7 29. c4 Bg7 30. Bc3 1-0

[Event "FIDE World Senior Team Championship 202"]
[Site "Olympik hotel, Sokolovska 138"]
[Date "2020.03.07"]
[Round "2.2"]
[White "Vorackova, Jarmila"]
[Black "Morris, Charles F"]
[Result "1/2-1/2"]
[WhiteElo "1824"]
[BlackElo "2073"]
[PlyCount "67"]
[EventDate "2020.03.06"]
[EventRounds "7"]
[EventCountry "CZE"]
[WhiteTeam "CZECH REPUBLIC WOMEN 2"]
[BlackTeam "WALES SILURES"]

1. d4 e6 2. c4 Bb4+ 3. Nc3 Nf6 4. a3 Bxc3+ 5. bxc3 d6 6. e3 Nc6 7. Bd3 e5 8.
Qc2 O-O 9. Ne2 Re8 10. e4 h6 11. O-O Qe7 12. d5 Na5 13. f3 b6 14. Be3 Ba6 15.
Qa2 Rac8 16. Rfd1 c5 17. Ng3 Qd7 18. a4 Kh7 19. f4 Ng4 20. Bd2 exf4 21. Bxf4
Ne5 22. Bxe5 Rxe5 23. Rf1 Rf8 24. Rf4 f6 25. Raf1 Bc8 26. Nf5 g6 27. Ne3 Qe7
28. Qf2 Kg7 29. Ng4 Bxg4 30. Rxg4 Rf7 31. Rf4 Nb7 32. Qb2 Qd7 33. Qf2 Qe7 34.
Qb2 1/2-1/2

[Event "FIDE World Senior Team Championship 202"]
[Site "Olympik hotel, Sokolovska 138"]
[Date "2020.03.07"]
[Round "2.3"]
[White "Fletcher, John"]
[Black "Gallinnisova, Vaclava"]
[Result "1-0"]
[WhiteElo "1969"]
[BlackElo "2027"]
[PlyCount "55"]
[EventDate "2020.03.06"]
[EventRounds "7"]
[EventCountry "CZE"]
[WhiteTeam "WALES SILURES"]
[BlackTeam "CZECH REPUBLIC WOMEN 2"]

1. d4 d5 2. e4 dxe4 3. Nc3 e6 4. Nxe4 Nf6 5. Nxf6+ Qxf6 6. Nf3 h6 7. Bd3 Nc6 8.
c3 Bd7 9. O-O Bd6 10. b4 O-O 11. Qe2 Rfe8 12. b5 Ne7 13. Ne5 Bxe5 14. dxe5 Qh4
15. Rb1 Nd5 16. Bd2 f5 17. exf6 Qxf6 18. Qe4 c6 19. c4 Ne7 20. Qh7+ Kf7 21. Rb3
Nf5 22. Bc3 e5 23. f4 cxb5 24. fxe5 Qb6+ 25. Kh1 Rh8 26. e6+ Ke7 27. Bb4+ Nd6
28. Qxg7+ 1-0

[Event "FIDE World Senior Team Championship 202"]
[Site "Olympik hotel, Sokolovska 138"]
[Date "2020.03.07"]
[Round "2.4"]
[White "Havlickova, Lenka"]
[Black "Hughes, Anthony"]
[Result "0-1"]
[WhiteElo "1895"]
[BlackElo "1885"]
[PlyCount "58"]
[EventDate "2020.03.06"]
[EventRounds "7"]
[EventCountry "CZE"]
[WhiteTeam "CZECH REPUBLIC WOMEN 2"]
[BlackTeam "WALES SILURES"]

1. d4 f5 2. Nf3 e6 3. Bg5 Be7 4. Bxe7 Qxe7 5. a3 Nf6 6. e3 O-O 7. Bd3 b6 8.
Nbd2 Bb7 9. c4 d6 10. Qc2 Nbd7 11. b4 a5 12. O-O g6 13. e4 Qg7 14. Ng5 Rfe8 15.
Rae1 f4 16. d5 Nf8 17. Ndf3 e5 18. Nh4 Qh6 19. Ngf3 Bc8 20. h3 Bd7 21. Qe2 Ra7
22. Kh2 axb4 23. axb4 Rea8 24. g3 Ra2 25. Nd2 fxg3+ 26. Kxg3 Qf4+ 27. Kg2 Rxd2
28. Qe3 Qxe3 29. Rxe3 Ra3 0-1

[Event "FIDE World Senior Team Championship 202"]
[Site "Olympik hotel, Sokolovska 138"]
[Date "2020.03.09"]
[Round "4.1"]
[White "Zeidler, Sven P"]
[Black "Nudcenko, Karel"]
[Result "1/2-1/2"]
[WhiteElo "2170"]
[BlackElo "2004"]
[PlyCount "115"]
[EventDate "2020.03.06"]
[EventRounds "7"]
[EventCountry "CZE"]
[WhiteTeam "WALES SILURES"]
[BlackTeam "TJ SOKOL UDLICE"]

1. e4 e6 2. d4 d5 3. exd5 exd5 4. Nf3 Bd6 5. c4 c6 6. Nc3 Nf6 7. Bg5 Be6 8. Qb3
Qb6 9. Qxb6 axb6 10. Bxf6 gxf6 11. cxd5 cxd5 12. Bb5+ Nc6 13. O-O Ra5 14. a3
O-O 15. h3 Kg7 16. Bd3 Rc8 17. Nb5 Bf4 18. g3 Bb8 19. Kg2 Na7 20. Nxa7 Rxa7 21.
Rac1 Bd6 22. Rxc8 Bxc8 23. Bc2 b5 24. Bb3 Be6 25. Ne1 b4 26. axb4 Bxb4 27. Nd3
Bd6 28. Rc1 Ra5 29. Rc3 Rb5 30. Ba4 Rb6 31. Rb3 Bc7 32. Rxb6 Bxb6 33. Nc5 Kf8
34. h4 Ke7 35. Kf3 Bc8 36. Ke3 Bc7 37. Bb3 Kd6 38. Nd3 Bb6 39. Nf4 Be6 40. Bc2
h6 41. Nh5 Ke7 42. Ng7 Bc7 43. Bf5 Ba5 44. g4 Bb4 45. f4 Be1 46. h5 Bh4 47. Kf3
Kd7 48. Bc2 Ke7 49. Bb3 b6 50. Ba2 Kf8 51. Nf5 Bxf5 52. gxf5 Ke7 53. Bxd5 Be1
54. Ke2 Bg3 55. Kd3 Bxf4 56. Ke4 Bc1 57. b3 Bb2 58. Bc4 1/2-1/2

[Event "FIDE World Senior Team Championship 202"]
[Site "Olympik hotel, Sokolovska 138"]
[Date "2020.03.09"]
[Round "4.2"]
[White "Bazantova, Marie"]
[Black "Fletcher, John"]
[Result "0-1"]
[WhiteElo "1925"]
[BlackElo "1969"]
[PlyCount "80"]
[EventDate "2020.03.06"]
[EventRounds "7"]
[EventCountry "CZE"]
[WhiteTeam "TJ SOKOL UDLICE"]
[BlackTeam "WALES SILURES"]

1. e4 c5 2. c3 d5 3. exd5 Qxd5 4. d4 Nf6 5. Nf3 Bg4 6. Be2 e6 7. Na3 Nc6 8. Nb5
Qd8 9. dxc5 Bxc5 10. O-O O-O 11. Bg5 Qb6 12. Bxf6 Bxf3 13. Bh4 Bxe2 14. Qxe2 a6
15. Na3 Bxa3 16. bxa3 Qc5 17. Qb2 Qc4 18. Bg3 b5 19. Rfd1 Rfd8 20. h3 Rac8 21.
Rac1 h6 22. Rxd8+ Rxd8 23. Qb3 Rd3 24. Qxc4 bxc4 25. Rc2 Ne7 26. Bc7 Nd5 27.
Ba5 f6 28. g3 e5 29. Kf1 f5 30. h4 e4 31. Ke1 h5 32. Rd2 Kf7 33. Rxd3 exd3 34.
Kd2 f4 35. gxf4 Ke6 36. Bd8 Kf5 37. Bg5 Ke4 38. f5 Kf3 39. Ke1 Nxc3 40. f6 gxf6
0-1

[Event "FIDE World Senior Team Championship 202"]
[Site "Olympik hotel, Sokolovska 138"]
[Date "2020.03.09"]
[Round "4.3"]
[White "Adams, Mark"]
[Black "Koblasa, Josef"]
[Result "1/2-1/2"]
[WhiteElo "1949"]
[BlackElo "1938"]
[PlyCount "71"]
[EventDate "2020.03.06"]
[EventRounds "7"]
[EventCountry "CZE"]
[WhiteTeam "WALES SILURES"]
[BlackTeam "TJ SOKOL UDLICE"]

1. e4 d6 2. d4 g6 3. Nc3 Bg7 4. f4 Nf6 5. Nf3 O-O 6. Bd3 c6 7. e5 Nd5 8. Nxd5
cxd5 9. O-O Nc6 10. c3 dxe5 11. fxe5 f6 12. exf6 exf6 13. Bf4 Be6 14. Qd2 Qd7
15. Rae1 Rae8 16. Qf2 Bf7 17. Rxe8 Rxe8 18. Re1 Rxe1+ 19. Qxe1 Qe6 20. Qe2 Qxe2
21. Bxe2 Be6 22. Ne1 g5 23. Bd6 Bf8 24. Bxf8 Kxf8 25. Kf2 f5 26. g3 Ke7 27. Bb5
Kd6 28. Bxc6 bxc6 29. Nd3 Ke7 30. b4 Bd7 31. Ne5 Be8 32. h3 h6 33. Kf3 Kd6 34.
g4 f4 35. h4 Ke7 36. h5 1/2-1/2

[Event "FIDE World Senior Team Championship 202"]
[Site "Olympik hotel, Sokolovska 138"]
[Date "2020.03.09"]
[Round "4.4"]
[White "Kozak, Karel"]
[Black "Hughes, Anthony"]
[Result "1/2-1/2"]
[WhiteElo "1856"]
[BlackElo "1885"]
[PlyCount "58"]
[EventDate "2020.03.06"]
[EventRounds "7"]
[EventCountry "CZE"]
[WhiteTeam "TJ SOKOL UDLICE"]
[BlackTeam "WALES SILURES"]

1. e4 Nf6 2. d3 d5 3. e5 Nfd7 4. d4 c5 5. c3 Nc6 6. Nf3 Qb6 7. Be2 e6 8. O-O
Be7 9. Na3 cxd4 10. cxd4 Nf8 11. Nb5 Ng6 12. Nc3 Nh4 13. Nxh4 Bxh4 14. Bb5 Be7
15. Be3 Bd7 16. Rb1 a6 17. Ba4 O-O-O 18. Bb3 Be8 19. Na4 Qa7 20. Rc1 Kb8 21. a3
Rc8 22. Qd2 Bd7 23. Rc2 Rc7 24. Rfc1 Rhc8 25. h3 Be8 26. Rc3 b5 27. Nc5 Bxc5
28. Rxc5 Ne7 29. Ba2 Rxc5 1/2-1/2

[Event "FIDE World Senior Team Championship 202"]
[Site "Olympik hotel, Sokolovska 138"]
[Date "2020.03.10"]
[Round "5.1"]
[White "Papacek, Stepan"]
[Black "Morris, Charles F"]
[Result "1-0"]
[WhiteElo "2265"]
[BlackElo "2073"]
[PlyCount "61"]
[EventDate "2020.03.06"]
[EventRounds "7"]
[EventCountry "CZE"]
[WhiteTeam "HELMA 365"]
[BlackTeam "WALES SILURES"]

1. c4 e6 2. Nc3 d5 3. d4 c5 4. e3 Nf6 5. Nf3 a6 6. cxd5 exd5 7. Be2 Nc6 8. O-O
Bd6 9. dxc5 Bxc5 10. b3 O-O 11. Bb2 Ba7 12. Qc2 Bg4 13. Rad1 Rc8 14. Ng5 Nb4
15. Qb1 Qd7 16. Nxd5 Nbxd5 17. Bxf6 Bf5 18. Bd3 Nxe3 19. fxe3 Bxd3 20. Rxd3 Qg4
21. Rd4 Qh5 22. Ne4 Rfe8 23. Bxg7 Kxg7 24. Nf6 Qh6 25. Rg4+ Kh8 26. Nxe8 Qxe3+
27. Kh1 Rxe8 28. Rh4 h6 29. Qa1+ Re5 30. Rxh6+ Kg7 31. Rhf6 1-0

[Event "FIDE World Senior Team Championship 202"]
[Site "Olympik hotel, Sokolovska 138"]
[Date "2020.03.10"]
[Round "5.2"]
[White "Fletcher, John"]
[Black "Bretsnajdr, Vladimir"]
[Result "0-1"]
[WhiteElo "1969"]
[BlackElo "2230"]
[PlyCount "90"]
[EventDate "2020.03.06"]
[EventRounds "7"]
[EventCountry "CZE"]
[WhiteTeam "WALES SILURES"]
[BlackTeam "HELMA 365"]

1. d4 Nf6 2. Bf4 g6 3. Nc3 d5 4. e3 Bg7 5. h4 a6 6. Bd3 c5 7. dxc5 Qa5 8. Qd2
Nc6 9. Nf3 Qxc5 10. Na4 Qa7 11. Nd4 Bd7 12. Nxc6 Bxc6 13. Qa5 Nd7 14. Nc3 e5
15. Bg3 Qc5 16. Qxc5 Nxc5 17. O-O O-O 18. Rad1 Rad8 19. h5 Rfe8 20. Bh4 Rd7 21.
Rfe1 f5 22. Bf1 Ne6 23. f4 e4 24. Ne2 Bxb2 25. c3 Nc5 26. Rd2 Na4 27. hxg6 hxg6
28. Rb1 Bxc3 29. Nxc3 Nxc3 30. Rc1 Nb5 31. Bf6 Re6 32. Be5 Nd6 33. Bxa6 Nf7 34.
Bxb7 Bxb7 35. Bd4 Nd6 36. a4 Nc4 37. Ra2 Ra6 38. Rb1 Kf7 39. Kf2 Bc6 40. Rh1
Rxa4 41. Re2 Ra8 42. Rh7+ Ke6 43. Rh6 Rg8 44. Ra2 Bb5 45. Ra1 Nd6 0-1